Culture Générale - Série 654 - Statistiques

Statistiques générales
  • Ce quiz a été pris 144 fois
  • Le résultat moyen est 7 sur 10
Statistiques - réponses
Question Réponse % Correct
Quelle est la plus dure et la plus brillante des pierres précieuses ? diamant
98%
Aux jeux Olympiques, quelle course à pied sur route fait 42,195 km ? marathon
97%
De la vente de quelle huile minérale naturelle sont tirées les dévises appelées "pétrodollars" ? pétrole
88%
La mafia sicilienne est aussi appelée "Cosa... Nostra
83%
Quel a été le premier ouvrage imprimé dans le monde occidental ? La Bible
77%
Sur quelle île Napoléon Ier est-il mort ? Sainte-Hélène
77%
Quelle race bovine du Massif central a le même nom qu'une variété de fromage du Cantal ? Salers
50%
Quel écrivain a publié le recueil de poèmes “La Légende des siècles” ? Victor Hugo
48%
Quel compositeur français a écrit "Le Carnaval des Animaux" en 1886 ? Camille Saint-Saëns
46%
En 1982, d'après le titre de sa chanson, avec qui Véronique Jeannot a-t-elle fait l'amour ? La mer
27%
Aucun quiz correspondant
Distribution des résultats
% des personnes avec chaque résultat
Percentile par nombre de réponses
Votre historique - résultats
Vous n’avez pas pris ce quiz